000 01031cam a2200253 a 4500
999 _c6067
_d6067
001 54931
003 OSt
005 20260204111243.0
008 950725s1995 nyua 000 1 eng
010 _a95032034
020 _a9780679419464
040 _aDLC
_cDLC
_dOCL
_dFIT
_dYDIBT
_dKH8
082 _aFIC CRI
100 1 _aCrichton, Michael,
_d1942-
_eauthor.
245 1 4 _aThe lost world :
_ba novel /
_cby Michael Crichton.
250 _a1st trade ed.
260 _aNew York :
_bKnopf :
_bDistributed by Random House,
_c1995.
300 _axi, 393 p. :
_bill. ;
_c25 cm.
520 _aOn an island off Costa Rica there exists a hush-hush colony of giant animals which attracts the attention of two expeditions. The first one, including children, is led by a paleontologist, the other is made up of evil scientists who want to do experiments. The animals rout both without much concern for their motives.
650 0 _aCloning
_vFiction.
650 0 _aDinosaurs
_vFiction.
655 7 _aScience fiction.
_2gsafd.
942 _2ddc
_cFIC